000 00393nam a2200169Ia 4500
003 STCL
008 181203s9999 xx 000 0 und d
020 _a9781472142146
040 _aSTCL
_bEN
_cSTCL
082 _222
100 _aWillett, Alexis
245 0 _aHow Much Brain Do We Really Need
260 _bRobinson
_aLondon
_c2017
300 _a284
546 _aEnglish
942 _2ddc
_cBK
999 _c87056
_d87056